[Event "XV MIEDZYNARODOWY FESTIWAL SZACHOWY PERLA BALTYKU - GRUPA A"]
[Site "LAZY"]
[Date "1899-12-30"]
[Round "3.3"]
[White "Swicarz, Maciej"]
[Black "Korosciel, Aneta"]
[Result "1-0"]
[WhiteTitle "m"]
[BlackTitle "m"]
[WhiteElo "2341"]
[BlackElo "1983"]

1. Nf3 Nf6 2. d4 e6 3. c4 b6 4. g3 Ba6 5. b3 Bb4+ 6. Bd2 Be7 7. Bg2 c6 8. O-O d5
9. Bc3 Ne4 10. Bb2 O-O 11. Nfd2 Nxd2 12. Nxd2 Nd7 13. e4 Rc8 14. Re1 dxe4 15.
Nxe4 Nf6 16. Ng5 h6 17. Nf3 Bb7 18. Ne5 Nd7 19. Nd3 Re8 20. Qe2 Qc7 21. Rad1 Rcd8
22. Bh3 Nf6 23. Bc3 c5 24. d5 exd5 25. Bxf6 Bxf6 26. Qxe8+ Rxe8 27. Rxe8+ Kh7
28. cxd5 Bxd5 29. Nf4 Bc6 30. Rc8 Qb7 31. Bf5+ g6 32. Rd6 gxf5 33. Rcxc6 Bg7 34.
Nd5 Qa6 35. Nf6+ Bxf6 36. Rxf6 Kg7 37. Rxf5 Qxa2 38. Rf3 Qa1+ 39. Kg2 f6 40. Rc7+
Kg6 41. Re3 Qa2 42. g4 h5 43. gxh5+ Kxh5 44. Rg7 Kh6 45. Rg4 Kh5 46. Rg8 1-0

[Event "XV MIEDZYNARODOWY FESTIWAL SZACHOWY PERLA BALTYKU - GRUPA A"]
[Site "LAZY"]
[Date "1899-12-30"]
[Round "3.4"]
[White "Luba, Lukasz"]
[Black "Babiarz, Arkadiusz"]
[Result "1/2-1/2"]
[WhiteTitle "I++"]
[BlackTitle "I++"]
[WhiteElo "2177"]
[BlackElo "1833"]

1. d4 d5 2. Nf3 Nf6 3. c4 dxc4 4. Nc3 a6 5. a4 Nc6 6. e4 Na5 7. Bg5 h6 8. Bh4 g5
9. Bg3 Bg4 10. d5 e6 11. h3 Bh5 12. dxe6 Bb4 13. Qxd8+ Kxd8 14. O-O-O Ke7 15.
Bxc7 fxe6 16. g4 Bf7 17. Ne5 Rac8 18. Bb6 h5 19. Be3 Rcg8 20. Na2 Nb3+ 21. Kc2
Bc5 22. Bxc4 Bxe3 23. Kxb3 Bxf2 24. Rhf1 Bg3 25. Nxf7 Kxf7 26. e5 Bxe5 27. Rd7+
Kg6 28. gxh5+ Kxh5 29. Rxb7 Rb8 30. Rb4 Rxb4+ 31. Nxb4 Rb8 32. Bxa6 Nd5 33. Bb5
Nxb4 34. Kxb4 Bxb2 35. Rb1 Bd4 36. Kc4 e5 37. Kd5 Rf8 38. a5 Kh4 1/2-1/2

[Event "XV MIEDZYNARODOWY FESTIWAL SZACHOWY PERLA BALTYKU - GRUPA A"]
[Site "LAZY"]
[Date "1899-12-30"]
[Round "3.5"]
[White "Betkowski, Andrzej"]
[Black "Karpus, Michal"]
[Result "0-1"]
[WhiteTitle "k"]
[BlackTitle "FM"]
[WhiteElo "2038"]
[BlackElo "2312"]

1. e4 e5 2. Nf3 Nc6 3. d4 exd4 4. Nxd4 Bc5 5. Nb3 Bb6 6. Nc3 d6 7. Qe2 h6 8. Be3
Nf6 9. O-O-O O-O 10. f3 Re8 11. g4 Be6 12. h4 Qe7 13. g5 Nh5 14. Bxb6 axb6 15.
gxh6 g6 16. Qf2 Qf6 17. Kb1 Nf4 18. Bb5 Bxb3 19. cxb3 Re5 20. Rdg1 Kh7 21. h5
g5 22. Rg4 Ne7 23. Bf1 Ng8 24. Nd1 Nxh6 25. Rg3 d5 26. Nc3 Qe7 27. Bh3 Rd8 28.
exd5 Nxd5 29. Qc2+ f5 30. Rgg1 Nf4 31. a3 c6 32. Ka2 b5 33. Rd1 Rxd1 34. Qxd1
b4 35. Nb1 Re2 36. Bf1 Re1 37. Qd2 Nd5 38. Rg1 bxa3 39. bxa3 Qe3 40. Rh1 Nf7 41.
Qc2 Nd6 42. Ka1 Rc1 43. Qb2 Re1 44. h6 Qe5 45. Qxe5 Rxe5 46. Bc4 Ne3 47. Nd2 b5
48. Bf1 Rd5 49. Nb1 Rd1 50. Bg2 Rd3 51. Bh3 Rxb3 52. Rc1 Ndc4 53. Bf1 Nxf1 54.
Rxf1 Kxh6 0-1

[Event "XV MIEDZYNARODOWY FESTIWAL SZACHOWY PERLA BALTYKU - GRUPA A"]
[Site "LAZY"]
[Date "1899-12-30"]
[Round "3.6"]
[White "Szydelko, Michal"]
[Black "Klusak, Piotr"]
[Result "1/2-1/2"]
[WhiteTitle "I"]
[BlackTitle "k"]
[WhiteElo "1843"]
[BlackElo "2152"]

1. e4 d6 2. d4 Nf6 3. Nc3 e5 4. dxe5 dxe5 5. Qxd8+ Kxd8 6. Bg5 Be6 7. O-O-O Bd6
8. f4 Ke8 9. f5 Bd7 10. Bxf6 gxf6 11. Nd5 Bc6 12. Nxf6+ Kf8 13. Nf3 Kg7 14. Nd5
Nd7 15. Bc4 b5 16. Bb3 f6 17. c3 Nc5 18. Bc2 a5 19. g4 Bxd5 20. Rxd5 b4 21. cxb4
axb4 22. Bb1 Nd7 23. Nd2 Nb6 24. Rd3 Kf7 25. Bc2 Ke7 26. Bb3 Na4 27. Rg3 Bc5 28.
Bd5 Ra7 29. g5 c6 30. Bb3 fxg5 31. Rxg5 Kf6 32. Rg2 Bd4 33. Nf3 Be3+ 34. Kc2 Rd8
35. Re1 Bf4 36. Rg8 Rxg8 37. Bxg8 Rg7 38. Rg1 Rxg1 39. Nxg1 Bxh2 40. Nf3 Bf4 41.
Bxh7 Nc5 42. Nd2 Bxd2 43. Kxd2 Nxe4+ 44. Kd3 Nd6 45. a4 bxa3 46. bxa3 e4+ 47.
Ke3 Nc4+ 48. Kxe4 Nxa3 49. Kd4 Nc2+ 50. Kc5 Ne3 51. Kxc6 Nxf5 52. Bxf5 1/2-1/2

[Event "XV MIEDZYNARODOWY FESTIWAL SZACHOWY PERLA BALTYKU - GRUPA A"]
[Site "LAZY"]
[Date "1899-12-30"]
[Round "3.7"]
[White "Sobczynski, Roman"]
[Black "Luczak, Filip"]
[Result "0-1"]
[WhiteTitle "I+"]
[BlackTitle "CM"]
[WhiteElo "1849"]
[BlackElo "2114"]

1. e4 c5 2. Nf3 d6 3. d4 cxd4 4. Nxd4 Nf6 5. Nc3 a6 6. Be2 e5 7. Nb3 Be7 8. a4
O-O 9. O-O Be6 10. f4 exf4 11. Bxf4 Nc6 12. Kh1 d5 13. exd5 Nxd5 14. Nxd5 Bxd5
15. Bf3 Bxb3 16. cxb3 Bf6 17. Bxc6 bxc6 18. Qc2 Qb6 19. Rf3 Rfe8 20. Raf1 Re6
21. Qc4 Rae8 22. Bd2 Re4 23. Qc1 c5 24. Bg5 Bxg5 25. Qxg5 f6 26. Qd5+ Kh8 27.
h3 h6 28. Qf7 Qd6 29. Qg6 Re1 30. Qf5 R8e5 31. Qg4 a5 32. Qg3 Qd1 33. Kg1 Qd4+
34. Qf2 Rxf1+ 35. Kxf1 Qd1+ 0-1

[Event "XV MIEDZYNARODOWY FESTIWAL SZACHOWY PERLA BALTYKU - GRUPA A"]
[Site "LAZY"]
[Date "1899-12-30"]
[Round "3.8"]
[White "Straszewski, Tomasz"]
[Black "Jaroch, Karol"]
[Result "0-1"]
[WhiteTitle "I"]
[BlackTitle "m"]
[WhiteElo "1674"]
[BlackElo "2242"]

1. e4 g6 2. d4 Bg7 3. c4 d6 4. Nc3 Nd7 5. Nf3 e5 6. d5 Ne7 7. h3 f5 8. Bd3 O-O
9. b4 a5 10. bxa5 Nc5 11. Bc2 Rxa5 12. Nd2 fxe4 13. Ndxe4 Nf5 14. Bg5 Qe8 15.
O-O Nd4 16. Be3 Bf5 17. f3 Ra3 18. Bxd4 exd4 19. Nb5 Re3 20. Nxc5 Bxc2 21. Qxc2
dxc5 22. Nxc7 Qe5 23. Ne6 d3 24. Qd2 Re2 25. Qxd3 Qb2 26. Qxe2 Qxe2 27. Rae1 Qxc4
28. Nxf8 Kxf8 29. Rd1 Bd4+ 0-1

[Event "XV MIEDZYNARODOWY FESTIWAL SZACHOWY PERLA BALTYKU - GRUPA A"]
[Site "LAZY"]
[Date "1899-12-30"]
[Round "3.9"]
[White "Krainski, Aleksander"]
[Black "Kruczynski, Marek"]
[Result "1-0"]
[WhiteTitle "FM"]
[BlackTitle "I"]
[WhiteElo "2117"]
[BlackElo "1744"]

1. d4 c6 2. Nf3 g6 3. c4 Bg7 4. Nc3 d6 5. e4 Nd7 6. Be2 Qc7 7. O-O e5 8. d5 Ngf6
9. h3 O-O 10. Be3 c5 11. a3 a6 12. b4 Nh5 13. Re1 h6 14. Nd2 Nhf6 15. Rb1 b6 16.
Qc2 Nh7 17. a4 f5 18. f3 f4 19. Bf2 g5 20. a5 bxa5 21. bxc5 Nxc5 22. Nb3 Rd8 23.
Nxc5 dxc5 24. d6 Rxd6 25. Nd5 Qa7 26. Qc3 Bf8 27. Qxe5 Rc6 28. Qc3 Bg7 29. e5
Nf8 30. Bd3 Ne6 31. Be4 Nd4 32. Nf6+ Rxf6 33. exf6 Bxf6 34. Qxa5 Rb8 35. Rxb8
Qxb8 36. Qxc5 1-0

[Event "XV MIEDZYNARODOWY FESTIWAL SZACHOWY PERLA BALTYKU - GRUPA A"]
[Site "LAZY"]
[Date "1899-12-30"]
[Round "3.10"]
[White "Sloniewski, Michal"]
[Black "Majocha, Piotr"]
[Result "1/2-1/2"]
[WhiteTitle "I"]
[BlackTitle "I++"]
[WhiteElo "1744"]
[BlackElo "2005"]

1. b3 d5 2. Bb2 c5 3. e3 a6 4. f4 Nc6 5. Nf3 Bg4 6. d3 e6 7. Nbd2 Nf6 8. Be2 Be7
9. O-O O-O 10. Ne5 Bxe2 11. Qxe2 Nxe5 12. Bxe5 Nd7 13. Qg4 Bf6 14. Nf3 Rc8 15.
Qh3 Bxe5 16. fxe5 c4 17. Qh5 Qe7 18. d4 cxb3 19. cxb3 Rc3 20. Rac1 Rxc1 21. Rxc1
Nb6 22. Rf1 Qc7 23. Qh3 h6 24. g4 Qc3 25. Nh4 Qd3 26. Ng2 Rc8 27. Nf4 Qe4 28.
Qf3 Rc3 29. Ng2 Qxf3 30. Rxf3 a5 31. h4 a4 32. bxa4 Nxa4 33. g5 hxg5 34. hxg5
g6 35. Nf4 Rc2 36. Nd3 Rxa2 37. Nf2 Nc3 38. Ng4 Ne4 39. Nh6+ Kh8 40. Rxf7 Nxg5
41. Rxb7 Re2 42. Ng4 Kg8 43. Nf6+ Kf8 44. Rb8+ Kg7 45. Ng4 Kf7 1/2-1/2

[Event "XV MIEDZYNARODOWY FESTIWAL SZACHOWY PERLA BALTYKU - GRUPA A"]
[Site "LAZY"]
[Date "1899-12-30"]
[Round "3.11"]
[White "Morczynski, Joachim"]
[Black "Puksza, Andrzej"]
[Result "0-1"]
[WhiteTitle "III"]
[BlackTitle "I"]
[WhiteElo "1733"]
[BlackElo "1973"]

1. e4 e6 2. d4 d5 3. Nc3 Nf6 4. Bg5 dxe4 5. Nxe4 Nbd7 6. Bb5 c6 7. Bd3 Be7 8. Nxf6+
Nxf6 9. Nf3 h6 10. Bh4 Qb6 11. O-O Qxb2 12. Qd2 Qb6 13. Rab1 Qd8 14. Rfe1 Nh5
15. Bxe7 Qxe7 16. d5 cxd5 17. Bb5+ Bd7 18. Bxd7+ Qxd7 19. Ne5 Qc7 20. Qe2 Nf6
21. Qb5+ Nd7 22. Nxd7 Qxd7 23. Qxd7+ Kxd7 24. Rxb7+ Kd6 25. Rxf7 g5 26. Rb1 Rab8
27. Rfb7 Rxb7 28. Rxb7 Rc8 29. Rb2 Kc5 30. Kf1 Kc4 31. Ke2 Kc3 32. Rb7 Kxc2 33.
Rxa7 d4 34. Rd7 Rc4 35. f3 e5 36. Rd5 Rc3 37. a4 Re3+ 38. Kf2 Kb3 39. a5 Kc4 40.
Rd6 Ra3 41. a6 Ra2+ 42. Ke1 e4 43. fxe4 Kd3 44. e5 Ke3 45. Kd1 d3 46. Kc1 d2+
47. Kd1 Ra1+ 48. Kc2 Rc1+ 49. Kb3 d1=Q+ 50. Rxd1 Rxd1 51. e6 Rd8 52. e7 Re8 53.
a7 Kd4 54. Kb4 Kd5 55. Kb5 Kd6 56. Kb6 g4 0-1

[Event "XV MIEDZYNARODOWY FESTIWAL SZACHOWY PERLA BALTYKU - GRUPA A"]
[Site "LAZY"]
[Date "1899-12-30"]
[Round "3.12"]
[White "Kostecka, Marika"]
[Black "Kutowski, Marcel"]
[Result "1-0"]
[WhiteTitle "WCM"]
[BlackTitle "I"]
[WhiteElo "1924"]
[BlackElo "1659"]

1. e4 c6 2. d4 d5 3. Nc3 dxe4 4. Nxe4 Bf5 5. Ng3 Bg6 6. h4 h6 7. Nf3 Nd7 8. h5
Bh7 9. Bd3 Bxd3 10. Qxd3 e6 11. Bd2 Ngf6 12. O-O-O Be7 13. Kb1 O-O 14. Ne4 Qb6
15. Nxf6+ Nxf6 16. Ne5 Rad8 17. Be3 Nd5 18. g4 Nxe3 19. fxe3 c5 20. Nf3 Rc8 21.
c3 c4 22. Qc2 Qb5 23. Rhg1 a5 24. d5 exd5 25. g5 hxg5 26. Nxg5 Bxg5 27. Rxg5 Qc6
28. Rdg1 Qh6 29. Qg2 Kh8 30. Rxg7 b5 31. Rg5 b4 32. Qxd5 bxc3 33. Qd4+ f6 34.
Qxc3 Qh7+ 35. Rg6 Rc5 36. Qd4 Rxh5 37. Qd6 Qf7 38. Ka1 Qxg6 39. Qxf8+ Kh7 40.
Qe7+ Kh8 41. Qd8+ Kh7 42. Qc7+ Kh8 43. Qc8+ Kh7 44. Qb7+ 1-0

[Event "XV MIEDZYNARODOWY FESTIWAL SZACHOWY PERLA BALTYKU - GRUPA A"]
[Site "LAZY"]
[Date "1899-12-30"]
[Round "3.13"]
[White "Szydelko, Kazimierz"]
[Black "Ulrych, Wojciech"]
[Result "1-0"]
[WhiteTitle "I"]
[BlackTitle "I++"]
[WhiteElo "1699"]
[BlackElo "1870"]

1. d4 Nf6 2. c4 g6 3. Nf3 Bg7 4. g3 O-O 5. Bg2 d5 6. Nc3 dxc4 7. Ne5 c6 8. Nxc4
Be6 9. Ne5 Nbd7 10. f4 Qb6 11. e3 Nxe5 12. fxe5 Nd7 13. Bd2 Bc4 14. Na4 Qa6 15.
b3 Bd3 16. Bb4 Rfe8 17. Nb2 Bf5 18. Qe2 Qb6 19. Qd2 a5 20. Bc3 Qa6 21. Nc4 f6
22. e4 Be6 23. d5 cxd5 24. exd5 Bf5 25. e6 Nc5 26. O-O Bd3 27. Rfc1 a4 28. Bd4
b5 29. Ne3 axb3 30. Rxc5 Bc4 31. axb3 Qxa1+ 32. Bxa1 Rxa1+ 33. Nf1 Bxb3 34. Rxb5
Bc4 35. Ra5 f5 36. Rxa1 Bxa1 37. Ne3 Rc8 38. Nxc4 Rxc4 39. d6 exd6 40. e7 Rc8
41. Qxd6 Kg7 42. Qd7 Rc1+ 43. Bf1 1-0

[Event "XV MIEDZYNARODOWY FESTIWAL SZACHOWY PERLA BALTYKU - GRUPA A"]
[Site "LAZY"]
[Date "1899-12-30"]
[Round "3.14"]
[White "Starosta, Martyna"]
[Black "Bochenek, Ryszard"]
[Result "1-0"]
[WhiteTitle "WCM"]
[BlackTitle "II"]
[WhiteElo "1841"]
[BlackElo "1358"]

1. e4 e6 2. d4 d5 3. Nc3 dxe4 4. Nxe4 Bd7 5. Nf3 Bc6 6. Bd3 Nd7 7. c3 Be7 8. O-O
Ngf6 9. Nxf6+ Bxf6 10. Re1 O-O 11. a4 a5 12. Bf4 Re8 13. Ne5 Nxe5 14. Bxe5 Bxe5
15. Rxe5 Qf6 16. Qh5 g6 17. Qg4 b6 18. h4 Rad8 19. b3 Qg7 20. Rae1 Rd6 21. Qf4
Red8 22. h5 Rd5 23. Rxd5 Bxd5 24. Qxc7 Ra8 25. hxg6 hxg6 26. Qxb6 Qh6 27. Re3
Qg5 28. Bf1 Kg7 29. c4 Bxg2 30. Bxg2 Rh8 31. Qd6 Qg4 32. Qe5+ Kg8 33. Qxa5 Qd1+
34. Qe1 Qxd4 35. Rh3 1-0

[Event "XV MIEDZYNARODOWY FESTIWAL SZACHOWY PERLA BALTYKU - GRUPA A"]
[Site "LAZY"]
[Date "1899-12-30"]
[Round "3.15"]
[White "Plocica, Krzysztof"]
[Black "Hasinski, Krystian"]
[Result "0-1"]
[WhiteTitle "I"]
[BlackTitle "I++"]
[WhiteElo "1656"]
[BlackElo "1836"]

1. e4 g6 2. d4 Bg7 3. Nf3 d6 4. Bd3 c5 5. d5 Nd7 6. O-O Ne5 7. Nxe5 Bxe5 8. Nd2
Bd7 9. c4 Bg7 10. Rb1 Nf6 11. b3 O-O 12. f4 a6 13. a4 Rb8 14. Bb2 b5 15. axb5
axb5 16. e5 Ne8 17. Qe2 bxc4 18. bxc4 f5 19. Nf3 dxe5 20. Bxe5 Rxb1 21. Rxb1 Nf6
22. Rb7 Re8 23. Qa2 Bc8 24. Rc7 Nd7 25. Qa7 Bxe5 26. Nxe5 Nf6 27. Nc6 Qd6 28.
Nxe7+ Rxe7 29. Rxe7 Qxf4 30. Rg7+ Kh8 31. Qf7 Qe3+ 32. Kf1 Qxd3+ 33. Kf2 Ne4+
0-1

[Event "XV MIEDZYNARODOWY FESTIWAL SZACHOWY PERLA BALTYKU - GRUPA A"]
[Site "LAZY"]
[Date "1899-12-30"]
[Round "3.16"]
[White "Siekanska, Zuzanna"]
[Black "Rogala, Milosz"]
[Result "1/2-1/2"]
[WhiteTitle "I"]
[BlackTitle "II"]
[WhiteElo "1582"]
[BlackElo "1791"]

1. d4 d5 2. c4 c6 3. cxd5 cxd5 4. Nc3 Nf6 5. Bf4 a6 6. Nf3 Nc6 7. Rc1 e6 8. e3
Bd6 9. Bg3 O-O 10. Bd3 Ne7 11. Ne5 Ng6 12. O-O b5 13. Bxg6 hxg6 14. Nc6 Qd7 15.
Bxd6 Qxd6 16. Ne5 Bb7 17. Nd3 Nd7 18. Nb1 Rac8 19. Qe2 Qb6 20. Nd2 Rxc1 21. Rxc1
Rc8 22. Rxc8+ Bxc8 23. Nb3 Qc7 24. Nbc5 Nxc5 25. Nxc5 Qa5 26. a3 Kf8 27. Kf1 Ke7
28. Qe1 Qb6 29. Qc3 Kd8 30. Ke2 Qc7 31. h3 Qb6 32. Nd3 g5 33. Qc5 Qxc5 34. Nxc5
a5 35. Kd3 Kc7 36. Kc3 Kb6 37. b3 Kc7 1/2-1/2

[Event "XV MIEDZYNARODOWY FESTIWAL SZACHOWY PERLA BALTYKU - GRUPA A"]
[Site "LAZY"]
[Date "1899-12-30"]
[Round "3.17"]
[White "Gorkiewicz, Mateusz"]
[Black "Sowinski, Pawel"]
[Result "1-0"]
[WhiteTitle "I"]
[BlackTitle "I+"]
[WhiteElo "1985"]
[BlackElo "1644"]

1. e4 c5 2. Nf3 d6 3. d4 Nf6 4. Nc3 cxd4 5. Nxd4 a6 6. Nb3 Nc6 7. Bd3 g6 8. O-O
Bg7 9. Bg5 e6 10. f4 b5 11. Kh1 Bb7 12. Qf3 Qc7 13. Rae1 O-O 14. Qh3 Rfc8 15.
f5 Qe7 16. Qh4 Rf8 17. Rf4 h6 18. Bxh6 Nh5 19. Bxg7 Qxh4 20. Rxh4 Kxg7 21. Ne2
exf5 22. exf5 Rae8 23. Rf1 Nf6 24. Nc3 Ne5 25. fxg6 fxg6 26. Rhf4 Neg4 27. Nd1
g5 28. Rf5 Be4 29. Bxe4 Nxe4 30. Rxf8 Rxf8 31. Rxf8 Kxf8 32. Kg1 Ke7 33. h3 Ngf6
34. Kf1 Nd5 35. a3 Kf6 36. Ke2 Ke5 37. Kf3 Nb6 38. Ne3 d5 39. c3 Na4 40. Nd1 Nd6
41. Kg4 Nf7 42. Nd2 Kf6 43. Kf3 Ne5+ 44. Ke3 Ke6 45. Nf3 Nf7 46. Kd4 Kd6 47. g3
Nc5 48. h4 Nh6 49. Ne3 g4 50. Nh2 Ne6+ 51. Kd3 Nc5+ 52. Ke2 Ne4 53. Nhxg4 Nxg3+
54. Kf3 Ngf5 55. Nxh6 Nxh6 56. Kf4 Ke6 57. Kg5 Nf7+ 58. Kg6 a5 59. h5 b4 60. cxb4
d4 61. Nd1 axb4 62. axb4 d3 63. h6 Nxh6 64. Kxh6 d2 65. Kg5 Kd5 66. Kf4 Kc4 67.
Ke3 Kxb4 68. Kxd2 Kb3 69. Kc1 1-0

[Event "XV MIEDZYNARODOWY FESTIWAL SZACHOWY PERLA BALTYKU - GRUPA A"]
[Site "LAZY"]
[Date "1899-12-30"]
[Round "3.18"]
[White "Pacuszka, Wioletta"]
[Black "Jankowski, Igor"]
[Result "0-1"]
[WhiteTitle "I++"]
[BlackTitle "II+"]
[WhiteElo "1836"]
[BlackElo "1662"]

1. e4 e6 2. d4 d5 3. exd5 exd5 4. Nf3 Bd6 5. Bd3 Nc6 6. c3 Nge7 7. O-O O-O 8. Bg5
f6 9. Bh4 Bf5 10. Bxf5 Nxf5 11. Qb3 Nxh4 12. Nxh4 Ne7 13. Nd2 Rb8 14. Rfe1 Qd7
15. Ne4 Kh8 16. Nxd6 Qxd6 17. Re3 g5 18. Rae1 Rf7 19. Nf3 Nf5 20. Re6 Qd7 21.
h3 c6 22. Qb4 Rd8 23. Nh2 Nd6 24. f3 Ne4 25. R6xe4 dxe4 26. fxe4 Re8 27. Nf3 g4
28. hxg4 Qxg4 29. Qc4 Rg7 30. Qf1 Rxe4 31. Rxe4 Qxe4 32. Qf2 Kg8 33. Nd2 Qe6 34.
Nf3 Qxa2 35. Nh4 Qe6 36. Kf1 Rg5 37. Nf3 Rg7 38. Nh4 h5 39. Nf3 Qf5 40. Qe2 Kf8
41. Kg1 Rg4 42. Qe3 Qf4 43. Qe2 Qe4 44. Qd2 Qxf3 45. Qh6+ Ke7 0-1

[Event "XV MIEDZYNARODOWY FESTIWAL SZACHOWY PERLA BALTYKU - GRUPA A"]
[Site "LAZY"]
[Date "1899-12-30"]
[Round "3.19"]
[White "Cyra, Dariusz"]
[Black "Lambrecht, Tomasz"]
[Result "0-1"]
[WhiteTitle "I"]
[BlackTitle "II"]
[WhiteElo "1791"]
[BlackElo "1601"]

1. d4 Nf6 2. Nf3 c5 3. c3 e6 4. Bf4 b6 5. e3 Bb7 6. Nbd2 d5 7. Bd3 Bd6 8. Bg3 Qc7
9. Ne5 Nbd7 10. f4 O-O 11. Qf3 a6 12. Bh4 b5 13. O-O Rac8 14. g4 b4 15. g5 Ne8
16. Rac1 c4 17. Bb1 bxc3 18. bxc3 Ba3 19. Rcd1 Nxe5 20. fxe5 g6 21. e4 Ng7 22.
exd5 exd5 23. Qh3 Rb8 24. Rf2 Bc8 25. Qg2 Be6 26. Nf1 Qa5 27. Qf3 Rb5 28. Ng3
Rfb8 29. Rff1 Rb2 30. Ne2 Nh5 31. Ng3 Nxg3 32. Bxg3 R8b5 33. Bf4 Be7 34. Qg3 Qb6
35. Qe1 Bh3 36. a4 R2b3 37. a5 Qb8 38. e6 Qb7 39. exf7+ Kf8 40. Bd6 Bxf1 41. Bxe7+
Qxe7 42. Qxe7+ Kxe7 43. Rxf1 Kf8 44. Bxg6 hxg6 45. h4 Rb1 0-1

[Event "XV MIEDZYNARODOWY FESTIWAL SZACHOWY PERLA BALTYKU - GRUPA A"]
[Site "LAZY"]
[Date "1899-12-30"]
[Round "3.20"]
[White "Sypien, Natan"]
[Black "Smietanska, Wiktoria"]
[Result "1-0"]
[WhiteTitle "I"]
[BlackTitle "CM"]
[WhiteElo "1769"]
[BlackElo "1595"]

1. d4 Nf6 2. c4 e6 3. Nc3 Bb4 4. Qc2 c5 5. dxc5 Bxc5 6. Nf3 O-O 7. a3 Nc6 8. b4
Bb6 9. Bb2 d5 10. c5 Bc7 11. e3 a6 12. Be2 e5 13. O-O e4 14. Nd4 Ne5 15. a4 Bg4
16. b5 Bxe2 17. Ncxe2 Rc8 18. Nb3 Nd3 19. g3 Qd7 20. Bxf6 gxf6 21. c6 bxc6 22.
bxc6 Qh3 23. Ned4 Ne5 24. Qe2 Rb8 25. Rab1 Kh8 26. f4 Ng4 27. Nc5 Rxb1 28. Rxb1
a5 29. Na6 Bd6 30. c7 Rc8 31. Rb8 Nh6 32. Nb5 Be7 33. Rxc8+ Qxc8 34. Na7 Qb7 35.
c8=Q+ 1-0

[Event "XV MIEDZYNARODOWY FESTIWAL SZACHOWY PERLA BALTYKU - GRUPA A"]
[Site "LAZY"]
[Date "1899-12-30"]
[Round "3.21"]
[White "Majewski, Krzysztof"]
[Black "Kusiak, Mateusz"]
[Result "1-0"]
[WhiteTitle "II+"]
[BlackTitle "I"]
[WhiteElo "1727"]
[BlackElo "1514"]

1. e4 c5 2. c4 g6 3. g3 Nc6 4. Bg2 Bg7 5. Nc3 d6 6. d3 e6 7. Nge2 Nge7 8. O-O O-O
9. f4 Nd4 10. Nxd4 Bxd4+ 11. Kh1 Bd7 12. Ne2 Bg7 13. Rb1 Rb8 14. b3 Qa5 15. Qc2
Nc6 16. Bd2 Nb4 17. Bxb4 Qxb4 18. g4 Bf6 19. Ng3 b5 20. g5 Bd4 21. f5 f6 22. Bh3
exf5 23. exf5 fxg5 24. Bg2 gxf5 25. Qe2 Rbe8 26. Qh5 Be3 27. Rbe1 Qd2 28. Rd1
Qxa2 29. Ra1 Qxb3 30. Rxa7 Re7 31. Bd5+ Kh8 32. Qh6 Rff7 33. Bxf7 Bc6+ 34. Ne4
1-0

[Event "XV MIEDZYNARODOWY FESTIWAL SZACHOWY PERLA BALTYKU - GRUPA A"]
[Site "LAZY"]
[Date "1899-12-30"]
[Round "3.22"]
[White "Sokolowski, Ryszard"]
[Black "Pyzio, Amelia"]
[Result "1-0"]
[WhiteTitle "k"]
[BlackTitle "I++"]
[WhiteElo "2064"]
[BlackElo "1616"]

1. d4 d5 2. c4 e6 3. Nc3 Nf6 4. cxd5 exd5 5. Bg5 Bb4 6. e3 h6 7. Bh4 O-O 8. Bd3
Re8 9. Nge2 Bg4 10. f3 Bh5 11. Bf2 c5 12. O-O Nc6 13. a3 c4 14. Bc2 Bd6 15. Ng3
Bg6 16. Bxg6 fxg6 17. Qc2 Kh7 18. Rfe1 Qd7 19. Rad1 Re7 20. Nf1 Rae8 21. e4 Bb8
22. e5 Nh5 23. g3 a6 24. Ne3 Ba7 25. Nexd5 Rf7 26. f4 b5 27. Qe4 Qf5 28. Qf3 Qh3
29. Ne4 Rd8 30. Nd6 Rff8 31. Qg2 Qe6 32. Nc7 Qd7 33. Nxa6 Ra8 34. Nc5 Bxc5 35.
dxc5 Rad8 36. e6 Qc7 37. Nxb5 Qc8 38. Rxd8 Rxd8 39. e7 1-0

[Event "XV MIEDZYNARODOWY FESTIWAL SZACHOWY PERLA BALTYKU - GRUPA A"]
[Site "LAZY"]
[Date "1899-12-30"]
[Round "3.23"]
[White "Sandomierski, Cyprian"]
[Black "Zabron, Maksym"]
[Result "0-1"]
[WhiteTitle "II+"]
[BlackTitle "I"]
[WhiteElo "1597"]
[BlackElo "1797"]

1. e4 c5 2. b3 e6 3. Nf3 Nc6 4. Be2 d5 5. exd5 exd5 6. d4 Be7 7. dxc5 Bf6 8. c3
Bf5 9. Bd3 Be4 10. O-O Nge7 11. a3 Bxf3 12. Qxf3 O-O 13. Bf4 Ne5 14. Qe2 N7c6
15. Re1 Re8 16. Rd1 Qe7 17. Be3 Nxd3 18. Qxd3 d4 19. cxd4 Nxd4 20. Nd2 Rad8 21.
Qc4 Nf5 22. Ra2 Nxe3 23. fxe3 Qxe3+ 24. Kf1 Rd4 25. Qc2 Rf4+ 26. Nf3 Rxf3+ 27.
gxf3 Qxf3+ 28. Qf2 Qxd1+ 29. Kg2 Bd4 0-1

[Event "XV MIEDZYNARODOWY FESTIWAL SZACHOWY PERLA BALTYKU - GRUPA A"]
[Site "LAZY"]
[Date "1899-12-30"]
[Round "3.24"]
[White "Wojtowicz, Wojciech"]
[Black "Sloniewska, Alicja"]
[Result "0-1"]
[WhiteTitle "II"]
[BlackTitle "I"]
[WhiteElo "1683"]
[BlackElo "1531"]

1. d4 Nf6 2. c4 e6 3. Nf3 d5 4. e3 c6 5. Nc3 Be7 6. Bd3 O-O 7. O-O b6 8. cxd5 cxd5
9. Ne5 Bb7 10. f3 Nbd7 11. Nxd7 Qxd7 12. Qe2 Rac8 13. Bd2 Bc6 14. g4 Rc7 15. Qg2
b5 16. a3 a5 17. f4 b4 18. g5 bxc3 19. gxf6 Bxf6 20. Bxc3 a4 21. Rf3 g6 22. Rd1
Bb5 23. Bb1 Rfc8 24. f5 Kg7 25. Rd2 Rf8 26. Rdf2 Qc8 27. fxg6 fxg6 28. Rg3 Be8
29. Qh3 Kg8 30. Rgf3 Bg7 31. e4 Rxf3 32. Rxf3 Bb5 33. e5 Qe8 34. Kf2 Rf7 35. Bc2
Qe7 36. Bb4 Rxf3+ 37. Qxf3 Qh4+ 38. Kg2 Qxd4 39. Bc3 Qc4 40. Kg3 Qc7 41. Qe3 Qc6
42. Bd1 Qc4 43. Bg4 Qc6 44. Qg5 Qd7 45. Bb4 Qe8 46. Bd6 h6 47. Qh4 Bd7 48. Bd1
g5 49. Qg4 Qg6 50. Qd4 Qf5 51. Bxa4 Bxa4 52. Qxa4 Bxe5+ 53. Bxe5 Qxe5+ 54. Kf3
Qf5+ 55. Ke3 Qh3+ 56. Kf2 Qxh2+ 57. Kf1 Qh3+ 58. Kg1 Qe3+ 59. Kf1 Qc1+ 60. Kf2
Qxb2+ 61. Kg1 Qc1+ 62. Kg2 Qd2+ 63. Kg1 Qe3+ 64. Kg2 Qd2+ 65. Kg1 Qe1+ 66. Kg2
Qe2+ 67. Kg3 Qe3+ 68. Kg2 Kf7 69. Qd7+ Kf6 70. Qd8+ Ke5 71. Qc7+ Kd4 72. Qb6+
Kd3 73. Qb3+ Ke4 74. Qb1+ Kd4 75. Qb4+ Kd3 76. Qb3+ Ke4 77. Qb1+ Qd3 78. Qe1+
Kd4 79. Qb4+ Qc4 80. Qb2+ Kc5 81. Qf2+ d4 0-1

[Event "XV MIEDZYNARODOWY FESTIWAL SZACHOWY PERLA BALTYKU - GRUPA A"]
[Site "LAZY"]
[Date "1899-12-30"]
[Round "4.1"]
[White "Swicarz, Maciej"]
[Black "Koziak, Vitali"]
[Result "0-1"]
[WhiteTitle "m"]
[BlackTitle "IM"]
[WhiteElo "2341"]
[BlackElo "2473"]

1. c4 c5 2. Nf3 Nc6 3. Nc3 e5 4. e3 Nf6 5. d4 cxd4 6. exd4 e4 7. Ng5 Bb4 8. d5
Ne5 9. Qd4 d6 10. Ngxe4 Nxe4 11. Qxe4 O-O 12. Be2 Re8 13. O-O Bxc3 14. bxc3 b6
15. Bd1 Ba6 16. Ba4 Re7 17. Bb5 Bxb5 18. cxb5 Rc7 19. f4 Nd7 20. Ba3 Nf6 21. Qd3
Rac8 22. Bb4 Rc4 23. a4 Ne4 24. Ra3 f5 25. g3 h5 26. Kg2 Qf6 27. Rf3 Rxb4 28.
cxb4 Qb2+ 29. Kg1 Rc1+ 30. Rf1 Qf2+ 0-1

[Event "XV MIEDZYNARODOWY FESTIWAL SZACHOWY PERLA BALTYKU - GRUPA A"]
[Site "LAZY"]
[Date "1899-12-30"]
[Round "4.2"]
[White "Karpus, Michal"]
[Black "Grzesik, Gracjan"]
[Result "0-1"]
[WhiteTitle "FM"]
[BlackTitle "I+"]
[WhiteElo "2312"]
[BlackElo "1973"]

1. e4 c5 2. Nf3 d6 3. d4 cxd4 4. Nxd4 Nf6 5. Nc3 Nc6 6. Bg5 Qb6 7. Be3 a6 8. Ne6
Qa5 9. Nxf8 Nxe4 10. Qd5 Nxc3 11. Qxa5 Nxa5 12. Nxh7 Na4 13. b3 Rxh7 14. bxa4
Be6 15. Bd2 Nc4 16. Bxc4 Bxc4 17. a3 Rc8 18. f3 Bd5 19. Rc1 Rh4 20. Bb4 Bb3 21.
a5 Rxc2 22. Rxc2 Bxc2 23. Kd2 Ba4 24. Ke3 Kd7 25. h3 Bc6 26. g3 Rh8 27. h4 e5
28. Re1 f6 29. f4 d5 30. Kf3 d4+ 31. Kg4 Ke6 32. fxe5 fxe5 33. Kg5 Rh6 34. g4
Be8 35. h5 Rf6 36. Kh4 Kd5 37. Rc1 Bc6 38. Be7 Rf7 39. Bc5 e4 40. g5 Rf4+ 41.
Kg3 Rf3+ 42. Kg2 Rf5 43. Be7 Ke6 44. Bd8 Ke5 0-1

[Event "XV MIEDZYNARODOWY FESTIWAL SZACHOWY PERLA BALTYKU - GRUPA A"]
[Site "LAZY"]
[Date "1899-12-30"]
[Round "4.3"]
[White "Luczak, Filip"]
[Black "Luba, Lukasz"]
[Result "0-1"]
[WhiteTitle "CM"]
[BlackTitle "I++"]
[WhiteElo "2114"]
[BlackElo "2177"]

1. d4 d5 2. c4 e6 3. Nc3 c6 4. cxd5 exd5 5. Qc2 Bd6 6. Nf3 Ne7 7. Bg5 f6 8. Bh4
Bf5 9. Qd2 b5 10. Bg3 a5 11. e3 a4 12. Bxd6 Qxd6 13. Bd3 Bg4 14. Nh4 Nd7 15. h3
Be6 16. O-O g5 17. Nf3 h5 18. e4 g4 19. e5 fxe5 20. dxe5 Nxe5 21. Nxe5 Qxe5 22.
Rfe1 Qf6 23. Re2 Qh6 24. Qe1 Kf7 25. f4 Qf6 26. f5 Bd7 27. Qf2 Rhe8 28. hxg4 hxg4
29. Rf1 Rh8 30. Qf4 a3 31. Re6 Qh4 32. Rd6 g3 33. Qxh4 Rxh4 34. Rf3 Rah8 35. Kf1
Be8 36. bxa3 Rg4 37. f6 Nc8 38. Rd8 Nb6 39. Bf5 Rd4 40. Rb8 Nc4 41. Rxg3 Rf4+
42. Ke2 Rxf5 43. a4 Kxf6 44. Kd3 Rf4 45. axb5 Ne5+ 46. Kd2 Rd4+ 47. Kc1 cxb5 48.
Nxb5 Rh1+ 49. Kc2 Bxb5 50. Rxb5 Rc4+ 51. Rc3 Rc1+ 52. Kxc1 Rxc3+ 53. Kb2 d4 54.
a4 Nc4+ 55. Ka1 d3 56. Rd5 d2 57. Ka2 Rc1 58. Kb3 Na5+ 59. Kb4 Nc6+ 60. Kb5 Na7+
61. Ka6 d1=Q 62. Rxd1 Rxd1 63. a5 Nc6 0-1